000
00334nam a22001457a 4500
008
221108b ||||| |||| 00| 0 eng d
020
_a
9780875814087
041
_a
eng
080
_2
fifth edition
_a
004
082
_a
004
100
_a
19
101
_a
shk
245
_a
SOCIAL WORK RESEARCH &EVALUATION
_c
UNRAU Y
942
_2
udc
_c
BK
999
_c
58776
_d
58776